000 00641nam a2200205 a 4500
003 DO-SdBNP
005 20220322131705.0
007 ta
008 211019e2017 dr ||||gr|||| 001 0 spa d
020 _a9789945090130
040 _aDO-SdBNP
_bspa
_cBNPHU
082 4 _bA473t
_222
100 1 _aAlvarez Peña, Andy
_980273
245 1 0 _aTú creas lo que tú crees:
_bcómo los pensamientos construyen la realidad /
_cAndy Álvarez Peña
260 _aSanto Domingo :
_bBúho,
_c2017.
300 _a143 p. ;
_c21 cm.
500 _aIncluye breve biografía del autor en la contracubierta
590 _aInventariado 2021 / MF
942 _2ddc
_cLBS1
999 _c50780
_d50780